000
00260nam a22001217a 4500
003
SGT
082
_a
004.35,GRA
100
_a
GRAMA, ANANTH
245
_a
INTRODUCTION TO PARALLEL COMPUTING
260
_b
PEARSON
_c
2016
300
_a
650
942
_2
ddc
_c
GF BOOKS
999
_c
34416
_d
34416